| 000 | 00742nmc a2200265 a 4500 | ||
|---|---|---|---|
| 003 | AR-BaBNM | ||
| 005 | 20251128210250.0 | ||
| 008 | 069019s1999 ||||||||||||||000 | spa|| | ||
| 020 | _a84-7827-212-7 | ||
| 040 | _cAR-BaBNM | ||
| 100 | 1 | _aGuitart Aced, Rosa | |
| 245 | 1 | 0 |
_aJugar y divertirse sin excluir _brecopilación de juegos no competitivos |
| 250 | _a1ª ed. | ||
| 260 |
_aBarcelona _bGraó _c1999 |
||
| 300 |
_a92 p. _bil. |
||
| 490 | 0 |
_aMetodología y recursos _vv. 138 |
|
| 504 | _aContiene bibliografía p. 85-86 | ||
| 650 | 4 | _aJUEGOS EDUCATIVOS | |
| 650 | 4 | _aJUEGOS INFANTILES | |
| 650 | 4 | _aACTIVIDADES DE APRENDIZAJE | |
| 650 | 4 | _aROL DEL DOCENTE | |
| 650 | 4 | _aEDUCACION DEL NINO | |
| 942 | _cBK | ||
| 998 | _cRaquel | ||
| 999 |
_c14698 _d14698 |
||